000 01643nam0a2200337 4500
001 RU\NLR\bibl\1421129
005 20250615214521.0
010 _a978-5-91344-116-4
_9300
021 _aRU
_b2009-62857
_93875
035 _a(nilc)RSL-KNO-004367493
035 _a(NLR Aleph) 001413077
090 _a1294901
_c1294901
100 _a20090724d2009 |||y0rusy50 ca
101 0 _arus
102 _aRU
105 _ay zzzz|||||
200 1 _aПравовой режим земельного участка
_eучебное пособие
_fА. В. Васянович
_gМ-во образования и науки Российской Федерации, Федеральное агентство по образованию, Гос. образовательное учреждение Российская акад. правосудия, Восточно-Сибирский фил. (г. Иркутск)
210 _aИркутск
_cРоссийская акад. правосудия
_d2009
215 _a128 с.
_d20
320 _aБиблиогр.: с. 124-126
606 1 _aЗемельные участки
_jУчебные издания для высших учебных заведений
_xПравовые вопросы
_yРоссийская Федерация
_92431113
_3RU\NLR\auth\661447023
686 _aХ625.1я73-1
_2rubbk
686 _aХ625.0я73
700 1 _aВасянович
_bА. В.
_gАлександр Валентинович
_4070
801 0 _aRU
_bРКП
_c20090724
_grcr
801 1 _aRU
_bРГБ
_c20090724
801 2 _aRU
_bNLR
_c20091008
_grcr
942 _cBOOK
980 _aNB
980 _aNBR